000 00471nam a22001577a 4500
005 20251108172226.0
008 250721s1987 xx 000 0 ara d
082 1 4 _aط/ق/بجع
245 1 0 _aالبجعات المتوحشات /
264 1 _aسوسه :
_bدار المعارف للطباعة و النشر،
_c1987.
300 _a19ص
490 0 _aروائع القصص للأطفال ؛ 7
650 1 7 _aأدب الأطفال
942 _2ddc
_cBK
999 _c73622
_d73622